000 00434nam a22001697a 4500
999 _c5660
_d5660
003 GBCCL
005 20241126110547.0
008 180403b ||||| |||| 00| 0 eng d
040 _cgbc
082 _a248.3
_bMCK
100 _aMcKee, David
_910215
245 4 _aThe Wonder of Worship /
_cDavid McKee
260 _bJivan Sahitya Sanstha,
_aAhmedabad:
_c1967
300 _a106 p.;
_c18 cm.
650 _aWorship
_9444
942 _2ddc
_cBK
_09